Indistractable How to Control Your Attention and Choose Your Life

Enregistré dans:
Détails bibliographiques
Auteur principal: Eyal, Nir
Autres auteurs: Li, Julie
Format: Livre
Langue:anglais
Publié: London Bloomsbury Publishing 2019
Édition:1st Edition
Sujets:
Tags: Ajouter un tag
Pas de tags, Soyez le premier à ajouter un tag!

MARC

LEADER 00000nam a2200000 4500
001 0259599
005 20240221112827.3
020 |a 978-1-5266-1022-5 
020 |a 978-1-5266-1021-8 
020 |a 978-1-5266-1023-2 
041 0 |a eng 
044 |a GB 
245 1 0 |a Indistractable  |b How to Control Your Attention and Choose Your Life  |c Nir Eyal with Julie Li 
250 |a 1st Edition 
264 1 |a London  |b Bloomsbury Publishing  |c 2019 
300 |a 319 s. 
610 2 0 |a spoločnosť 
610 2 0 |a štýl životný 
610 2 0 |a poradenstvo 
610 2 0 |a riadenie času 
610 2 0 |a sebavýchova 
610 2 0 |a psychológia 
100 1 |a Eyal, Nir 
700 1 |a Li, Julie